Handbook in forensic photography/ (Record no. 14709)
[ view plain ]
| 000 -LEADER | |
|---|---|
| fixed length control field | 00608nam a22001817a 4500 |
| 008 - FIXED-LENGTH DATA ELEMENTS--GENERAL INFORMATION | |
| fixed length control field | 191112b ||||| |||| 00| 0 eng d |
| 020 ## - INTERNATIONAL STANDARD BOOK NUMBER | |
| International Standard Book Number | 978-621-418-019-6 |
| 082 ## - DEWEY DECIMAL CLASSIFICATION NUMBER | |
| Edition number | 2019 |
| Classification number | DFil 363.25 |
| Item number | D923 |
| 100 ## - MAIN ENTRY--PERSONAL NAME | |
| Personal name | Duno, Joenard Contreras |
| 9 (RLIN) | 40557 |
| 245 ## - TITLE STATEMENT | |
| Title | Handbook in forensic photography/ |
| Statement of responsibility, etc. | Joenard Contreras Duno |
| 260 ## - PUBLICATION, DISTRIBUTION, ETC. (IMPRINT) | |
| Place of publication, distribution, etc. | Philippines : |
| Name of publisher, distributor, etc. | Wiseman's Books Trading, Inc., |
| Date of publication, distribution, etc. | 2019 |
| 300 ## - PHYSICAL DESCRIPTION | |
| Extent | vi, 192 pages : |
| Other physical details | illustrations ; |
| Dimensions | 22 cm. |
| 500 ## - GENERAL NOTE | |
| General note | Includes bibliography |
| 650 ## - SUBJECT ADDED ENTRY--TOPICAL TERM | |
| Topical term or geographic name as entry element | Legal photography |
| 9 (RLIN) | 40558 |
| 650 ## - SUBJECT ADDED ENTRY--TOPICAL TERM | |
| Topical term or geographic name as entry element | Criminal identification |
| 9 (RLIN) | 40559 |
| 365 ## - TRADE PRICE | |
| Price amount | 600.00 |
| Currency code | Php |
| 942 ## - ADDED ENTRY ELEMENTS (KOHA) | |
| Source of classification or shelving scheme | Dewey Decimal Classification |
| Koha item type | Filipiniana |
| Withdrawn status | Lost status | Source of classification or shelving scheme | Damaged status | Not for loan | Collection code | Home library | Current library | Shelving location | Date acquired | Source of acquisition | Cost, normal purchase price | Total Checkouts | Full call number | Barcode | Date last seen | Date last checked out | Copy number | Price effective from | Koha item type |
|---|---|---|---|---|---|---|---|---|---|---|---|---|---|---|---|---|---|---|---|
| Dewey Decimal Classification | Filipiniana | UM Digos College - LIC | UM Digos College - LIC | Book Cart | 08/08/2019 | Purchased | 600.00 | 10 | DFil 363.25 D923 2019 | 25806 | 05/15/2025 | 02/04/2025 | 2 | 11/12/2019 | Reserve | ||||
| Dewey Decimal Classification | Filipiniana | UM Digos College - LIC | UM Digos College - LIC | Book Cart | 08/08/2019 | Purchased | 600.00 | 3 | DFil 363.25 D923 2019 | 25807 | 05/15/2025 | 01/24/2025 | 3 | 11/12/2019 | Reserve | ||||
| Dewey Decimal Classification | Filipiniana | UM Digos College - LIC | UM Digos College - LIC | Book Cart | 08/08/2019 | Purchased | 600.00 | 8 | DFil 363.25 D923 2019 | 25805 | 05/15/2025 | 02/20/2025 | 1 | 11/12/2019 | Filipiniana |
